| 000 | 01176cam a2200301 i 4500 | ||
|---|---|---|---|
| 001 | 5619 | ||
| 003 | Mx-PuUPA | ||
| 005 | 20250708152626.0 | ||
| 008 | 140415s1970 mx dk gr 001 0 spa d | ||
| 040 |
_aMx-PuUPA _bspa _cMx-PuUPA _dMx-PuUPA _erda |
||
| 041 | 1 |
_aspa _heng |
|
| 100 | 1 |
_aMode, Elmer, _eautor |
|
| 240 | 1 | 0 |
_aElements of probability and statistics. _lEspañol |
| 245 | 1 | 0 |
_aElementos de probabilidad y estadística / _cElmer B. Mode ; versión española, R. García Garza |
| 250 | _aPrimera edición | ||
| 264 | 1 |
_aMéxico, D.F. : _bEditorial Reverte Mexicana, _c1970 |
|
| 300 |
_axi, 367 páginas : _bgráficas, formularios ; _c23 cm |
||
| 336 |
_2rdacontent _atexto _btxt |
||
| 337 |
_2rdamedia _asin medio _bn |
||
| 338 |
_2rdacarrier _avolumen _bnc |
||
| 500 | _aReimpresiones: (agosto 1980). | ||
| 650 | 7 |
_aEstadística matemática _xProbabilidad _2armarc |
|
| 700 | 1 |
_aGarcía Garza, R., _etraductor |
|
| 765 | 0 |
_aMode, Elmer _tElements of probability and statistics _dEnglewood Cliffs, New Jersey : Prentice Hall, [Año de publicación no identificado] |
|
| 942 |
_2ddc _cLI _h519.5 _iM68 |
||
| 999 |
_c5619 _d5619 |
||